| 000 | 004590000a22001810004500 | ||
|---|---|---|---|
| 001 | 003664 | ||
| 003 | MACL | ||
| 005 | 20150915161846.0 | ||
| 008 | 150915b xxu||||| |||| 00| 0 eng d | ||
| 040 |
_aMACL _cMACL |
||
| 041 | _aEnglish | ||
| 082 | _a823/MEM | ||
| 100 |
_aHussein Abdullah, _911294 |
||
| 245 |
_aDownfall By Degrees _cHussein Abdullah |
||
| 260 |
_aNew Delhi _c1987 _bKatha Asia Library, |
||
| 650 |
_aLiterature _911295 |
||
| 942 |
_k823 _cBK _2ddc |
||
| 999 |
_c15561 _d15561 |
||